La historia del texto de Terencio en la antiguedad
Bewaard in:
| Hoofdauteur: | |
|---|---|
| Formaat: | Boek |
| Taal: | Spaans |
| Gepubliceerd in: |
Barcelona
Universidad de Barcelona
2007
|
| Reeks: | Aurea Saecula, 16
|
| Onderwerpen: | |
| Tags: |
Voeg label toe
Geen labels, Wees de eerste die dit record labelt!
|
MARC
| LEADER | 00000nam a2200000 a 4500 | ||
|---|---|---|---|
| 001 | UCI7915 | ||
| 003 | CL-VaPUC | ||
| 008 | 080731e20070000SP |||||||||||||||||spa|d | ||
| 020 | |a 9788447531479 | ||
| 082 | 0 | 4 | |a 870.9 |b VEL |2 21 |
| 100 | 0 | |a Velaza, Javier |e author |9 531325 | |
| 245 | 1 | 3 | |a La historia del texto de Terencio en la antiguedad |
| 300 | |a 167 p | ||
| 942 | |c BK | ||
| 945 | |d 20080731 00:00:00 |a rbrito | ||
| 260 | |a Barcelona |b Universidad de Barcelona |c 2007 | ||
| 600 | 0 | 7 | |a TERENCIO |2 CL-VaPUC |9 525648 |
| 650 | 0 | |a Literatura latina |9 258055 | |
| 650 | 0 | |a Historia y crítica |9 257407 | |
| 650 | 0 | |a Crítica literaria |9 269189 | |
| 651 | 0 | |a Roma |9 255106 | |
| 583 | |a last modification |c 20080731 00:00:00 |k Rodrigo Vera | ||
| 490 | 0 | |a Aurea Saecula, 16 | |
| 999 | |c 331044 |d 331042 | ||
| 952 | |0 0 |1 0 |4 0 |6 870_900000000000000_VEL_2007 |7 0 |8 A |9 417141 |a BIBHIS |b BIBHIS |d 2019-11-22 |i 4468082 |o 870.9 VEL 2007 |p 4468082 |r 2025-01-20 |w 2019-11-22 |y BK |k HIS | ||